000 00300 a2200145 4500
001 194375
020 _a978-85-64443-26-6
040 _cMagnum
240 1 0 _aO barulho das asas
_lpor
245 1 0 _aO barulho das asas
300 _a80
362 0 _a2018
697 _aLITERATURA GERAL
942 _cBK
999 _c194375
_d194375